00504nam a2200157 i 4500001000300000100002000003245006200023260002100085040000800106041000800114942000700122008004100129999001700170856009800187952006100285bg1 aDĄBROWSKI, L. 0aOpis i analiza gospodarstwa rolniczego /cL. Dąbrowski. aWarszawa,c1969. cBPK apol cKS s pl f |000 0 pol  c10520d10520 uhttp://koha.tu.koszalin.pl/cgi-bin/koha/opac-detail.pl?biblionumber=10520yKatalog online BPK 00104070aBPKbBPKcwoP 671p01797336s2015-06-03yKS